[Event "XXXVIII Olimpiadi (Monaco)"]
[Site "Dresda GER"]
[Date "2008.11.14"]
[Round "2.1"]
[White "Faulks, Nick"]
[Black "Efimov, Igor"]
[Result "0-1"]
[WhiteElo "2100"]
[BlackElo "2442"]
[Annotator "BER-MON"]
[PlyCount "38"]
[EventDate "2008.11.13"]

1. e4 c5 2. Nf3 Nc6 3. d4 cxd4 4. Nxd4 Nf6 5. Nc3 d6 6. Bc4 Qb6 7. Nxc6 bxc6 8.
O-O e6 9. Bf4 e5 10. Bg5 Qxb2 11. Qd3 Qa3 12. Rab1 Be7 13. Bxf6 Bxf6 14. Rb3
Qc5 15. Rfb1 O-O 16. Nd5 cxd5 17. Bxd5 Be6 18. Rb5 Qc8 19. Bxa8 Bc4 0-1

[Event "XXXVIII Olimpiadi (Monaco)"]
[Site "Dresda GER"]
[Date "2008.11.16"]
[Round "4.1"]
[White "De la Riva Aguado, Oscar"]
[Black "Efimov, Igor"]
[Result "1-0"]
[WhiteElo "2537"]
[BlackElo "2442"]
[Annotator "AND-MON"]
[PlyCount "125"]
[EventDate "2008.11.13"]

1. e4 c6 2. d4 d5 3. e5 Bf5 4. Nf3 e6 5. Be2 Nd7 6. O-O Ne7 7. Nbd2 h6 8. Nb3
Qc7 9. Bd2 g5 10. Ne1 c5 11. c3 Bg7 12. Be3 Bg6 13. Bh5 Nf5 14. Bxg6 fxg6 15.
g4 Ne7 16. Ng2 O-O-O 17. Nc1 Qb6 18. Qd2 Bxe5 19. dxe5 Nxe5 20. Qe2 d4 21. Bxd4
cxd4 22. Qxe5 Nc6 23. Qe4 h5 24. Nd3 hxg4 25. Qxe6+ Kb8 26. Qxg4 dxc3 27. Qg3+
Qc7 28. Qxc7+ Kxc7 29. Nge1 cxb2 30. Nxb2 Nd4 31. Kg2 g4 32. Rc1+ Kb8 33. Rc3
Ne2 34. Rc4 Rh4 35. Nbd3 g5 36. a3 Nd4 37. Ne5 Rd5 38. Rh1 a6 39. N5d3 Rh3 40.
a4 Ka7 41. Nb4 Rd7 42. Nbc2 Ne6 43. Rxg4 Rdh7 44. Ne3 Nf4+ 45. Kg1 Rf7 46. f3
Re7 47. Kf2 Rd7 48. Rxg5 Rd2+ 49. Kf1 Rhxh2 50. Rxh2 Rxh2 51. Rg4 Nh3 52. N3g2
Rh1+ 53. Ke2 Kb6 54. f4 Nxf4+ 55. Rxf4 Ka5 56. Kd3 Rh5 57. Ne3 b5 58. axb5 axb5
59. N1c2 Rg5 60. Nd4 Kb6 61. Nb3 Rg6 62. Kc3 Rh6 63. Kb4 1-0

[Event "XXXVIII Olimpiadi (Monaco)"]
[Site "Dresda GER"]
[Date "2008.11.21"]
[Round "8.1"]
[White "Efimov, Igor"]
[Black "Fidaeyee, Habibullah"]
[Result "1-0"]
[WhiteElo "2442"]
[BlackElo "2116"]
[Annotator "MON-AFG"]
[PlyCount "77"]
[EventDate "2008.11.13"]

1. Nf3 e6 2. c4 b6 3. e4 Bb7 4. Nc3 Bb4 5. Bd3 Ne7 6. O-O Ng6 7. Bc2 O-O 8. d4
Nc6 9. Ne2 Be7 10. Ng3 Ba6 11. Bd3 d6 12. Be3 Bf6 13. Nh5 Be7 14. Re1 Bb7 15.
a3 a5 16. Qd2 Re8 17. b3 Qd7 18. h3 Rad8 19. Qc3 Bf8 20. Nh2 Qe7 21. g3 e5 22.
d5 Nb8 23. Ng4 Bc8 24. b4 axb4 25. axb4 c5 26. dxc6 Nxc6 27. Bxb6 Qg5 28. Be2
Nd4 29. Bxd4 exd4 30. Qxd4 Kh8 31. Ra5 Ne5 32. Nh2 Qh6 33. Ra3 d5 34. cxd5 Nc6
35. Qe3 Bxb4 36. Bb5 Qxh5 37. Bxc6 Re7 38. Qb6 Rg8 39. Qxb4 1-0

[Event "XXXVIII Olimpiadi (Monaco)"]
[Site "Dresda GER"]
[Date "2008.11.22"]
[Round "9.1"]
[White "Efimov, Igor"]
[Black "Baules, Jorge"]
[Result "1/2-1/2"]
[WhiteElo "2442"]
[BlackElo "2317"]
[Annotator "MON-PAN"]
[PlyCount "164"]
[EventDate "2008.11.13"]

1. e4 c5 2. Nf3 Nc6 3. d4 cxd4 4. Nxd4 Nf6 5. Nc3 e5 6. Ndb5 d6 7. Bg5 a6 8.
Na3 b5 9. Nab1 Be7 10. Bxf6 Bxf6 11. a4 b4 12. Nd5 O-O 13. Nd2 Bg5 14. Nc4 Be6
15. a5 Ra7 16. Be2 Kh8 17. O-O f5 18. exf5 Bxf5 19. Bd3 e4 20. Be2 Be6 21. Bg4
Bg8 22. Bh3 Ne7 23. Ncb6 Nxd5 24. Nxd5 Rb7 25. Qd4 Rb5 26. Nxb4 d5 27. c3 Rf6
28. g3 Rd6 29. Rfd1 Bf6 30. Qe3 d4 31. Qe1 Bb3 32. Rd2 dxc3 33. Rxd6 Qxd6 34.
bxc3 Rxb4 35. cxb4 Bxa1 36. Qxa1 Qxb4 37. Bf1 Qd6 38. Qb1 Bd5 39. Qd1 Qc5 40.
Bxa6 Qxa5 41. Bf1 Qc5 42. Bg2 h6 43. h4 Qc4 44. Qh5 Qc6 45. Qe5 Qe6 46. Qd4 Bc6
47. Kh2 Qd5 48. Qb4 Qf5 49. Qd6 Bd5 50. Qb6 Qf7 51. Qb8+ Kh7 52. Qe5 Kh8 53.
Qd4 Qf5 54. Bh3 Qf7 55. Bg4 Be6 56. Be2 Qf5 57. Bf1 Bd5 58. Bh3 Qf7 59. Kg1 Bc6
60. Qc5 Bd5 61. Qc8+ Qg8 62. Qf5 Bc6 63. Qc5 Qd5 64. Qf8+ Qg8 65. Qf4 Qe8 66.
Bf5 Bd5 67. g4 Qa8 68. Qe5 Qd8 69. h5 Bc6 70. Qe6 Qe8 71. Qb3 Ba4 72. Qa3 Bc6
73. Qc5 Bd7 74. Bxd7 Qxd7 75. Qf8+ Kh7 76. Qf4 Qd3 77. Kg2 Qe2 78. Qf5+ Kg8 79.
Kg3 Kh8 80. Qf4 Qd3+ 81. Qe3 Qd6+ 82. Kh3 Qd5 1/2-1/2

[Event "XXXVIII Olimpiadi (Monaco)"]
[Site "Dresda GER"]
[Date "2008.11.23"]
[Round "10.1"]
[White "Paciencia, Enrique"]
[Black "Efimov, Igor"]
[Result "1-0"]
[WhiteElo "2440"]
[BlackElo "2442"]
[Annotator "SIN-MON"]
[PlyCount "75"]
[EventDate "2008.11.13"]

1. d4 e6 2. c4 c5 3. d5 exd5 4. cxd5 d6 5. Nc3 g6 6. Nf3 Bg7 7. g3 Ne7 8. Bg2
O-O 9. O-O Na6 10. Bf4 Nc7 11. e4 Bg4 12. Re1 Re8 13. a4 Nc8 14. Qd3 Na6 15.
Nd2 Nb4 16. Qb1 g5 17. Be3 Nb6 18. a5 Nd7 19. Na2 Nxa2 20. Rxa2 h6 21. b4 b6
22. axb6 axb6 23. Rxa8 Qxa8 24. Nc4 Qb8 25. bxc5 dxc5 26. Qb5 Qa7 27. h3 Bh5
28. Nxb6 Qxb6 29. Qxd7 Ra8 30. Rc1 Bd4 31. Qc6 Qa5 32. d6 Kh7 33. Bxd4 cxd4 34.
e5 Rb8 35. Qe4+ Bg6 36. Qxd4 Rb4 37. Qc3 Qb6 38. Qc5 1-0

[Event "III NH Tournament"]
[Site "Amsterdam NED"]
[Date "2008.08.27"]
[Round "7"]
[White "Korchnoi, Viktor L."]
[Black "Caruana, Fabiano"]
[Result "0-1"]
[WhiteElo "2602"]
[BlackElo "2630"]
[PlyCount "76"]
[EventDate "2008.08.20"]

1. d4 d5 2. c4 c6 3. Nf3 Nf6 4. Nc3 e6 5. Bg5 h6 6. Bxf6 Qxf6 7. Qc2 dxc4 8. e3
b5 9. a4 Bb7 10. axb5 cxb5 11. Nxb5 Bb4+ 12. Nc3 O-O 13. Be2 Nd7 14. O-O Rfc8
15. Nd2 Nb6 16. Bf3 Qe7 17. Bxb7 Qxb7 18. e4 a5 19. Nf3 Nd7 20. Rfd1 Nf6 21.
Nd2 Rab8 22. Ra2 Rc7 23. h3 Rd8 24. Ndb1 Rcd7 25. e5 Nd5 26. Ne2 Ne7 27. Na3
Bxa3 28. Rxa3 Nc6 29. Qxc4 Qxb2 30. Qa2 Qb6 31. Ra4 Rd5 32. Rb1 Qa6 33. Kh2 Qa7
34. Rc1 Qb6 35. Qb1 Nb4 36. Qe4 Nc6 37. Rcc4 Qb5 38. Nc3 Qb7 0-1

[Event "III NH Tournament"]
[Site "Amsterdam NED"]
[Date "2008.08.28"]
[Round "8"]
[White "Caruana, Fabiano"]
[Black "Bareev, Evgeny I."]
[Result "1/2-1/2"]
[WhiteElo "2630"]
[BlackElo "2655"]
[PlyCount "67"]
[EventDate "2008.08.20"]

1. e4 c6 2. d4 d5 3. e5 Bf5 4. h4 h5 5. c4 e6 6. Nc3 Be7 7. g3 dxc4 8. Bxc4 Nd7
9. Be2 Qb6 10. Nf3 Bg4 11. O-O Nh6 12. Bxh6 Rxh6 13. Ng5 Qxb2 14. Bxg4 Qxc3 15.
Bxh5 Bxg5 16. hxg5 Rh8 17. g6 f6 18. exf6 Nxf6 19. Bf3 O-O-O 20. Qe2 Rxd4 21.
Rfc1 Qd3 22. Qxe6+ Kd8 23. Bxc6 Rd6 24. Qxd6+ Qxd6 25. Rd1 Qxd1+ 26. Rxd1+ Kc7
27. Bf3 b6 28. Kg2 Rh6 29. Rc1+ Kd8 30. Bb7 Rxg6 31. Rc8+ Kd7 32. Ra8 a5 33.
Bf3 Rg5 34. Ra6 1/2-1/2

[Event "III NH Tournament"]
[Site "Amsterdam NED"]
[Date "2008.08.30"]
[Round "10"]
[White "Caruana, Fabiano"]
[Black "Agdestein, Simen"]
[Result "1-0"]
[WhiteElo "2630"]
[BlackElo "2583"]
[PlyCount "93"]
[EventDate "2008.08.20"]

1. e4 Nf6 2. e5 Nd5 3. d4 d6 4. c4 Nb6 5. exd6 exd6 6. Nc3 Be7 7. Bd3 O-O 8.
Nge2 c6 9. Qc2 f5 10. O-O Na6 11. a3 Nc7 12. b3 g6 13. Be3 Bf6 14. Rad1 Bg7 15.
Nf4 Qf6 16. a4 Nd7 17. Nce2 Qe7 18. Rfe1 Nf6 19. Bd2 Qf7 20. Bc3 Re8 21. d5 c5
22. b4 Bd7 23. bxc5 dxc5 24. Qb2 Rab8 25. Bc2 Ne4 26. Bxe4 Rxe4 27. Bxg7 Qxg7
28. Qxg7+ Kxg7 29. Nc3 Rxf4 30. Re7+ Kf6 31. d6 Be6 32. dxc7 Rc8 33. Rxh7 Rxc4
34. Nb5 Rxa4 35. h4 c4 36. Rd8 Ra6 37. Rhh8 Rc6 38. Rxc8 Bxc8 39. Rxc8 Ke7 40.
Rh8 a6 41. Rh7+ Kf6 42. Na7 c3 43. c8=Q Rxc8 44. Nxc8 b5 45. Rc7 b4 46. Rc4 a5
47. Na7 1-0

[Event "Torneo Corus C"]
[Site "Wijk aan Zee NED"]
[Date "2008.01.14"]
[Round "3"]
[White "Ruijgrok, Dennis"]
[Black "Caruana, Fabiano"]
[Result "0-1"]
[WhiteElo "2329"]
[BlackElo "2598"]
[PlyCount "100"]
[EventDate "2008.01.12"]

1. e4 c5 2. Nf3 e6 3. b3 b6 4. c4 Bb7 5. Nc3 Nf6 6. Qe2 Nc6 7. e5 Ng4 8. Bb2
Qb8 9. Nb5 a6 10. Na3 Be7 11. h3 Nh6 12. Nc2 O-O 13. O-O-O a5 14. a4 f6 15.
exf6 Bxf6 16. Qd3 Bxb2+ 17. Kxb2 Qc7 18. Re1 Nf5 19. Rg1 Nb4 20. Nxb4 Bxf3 21.
Qxf3 axb4 22. Bd3 Rad8 23. h4 Rf6 24. g3 Qd6 25. Qe4 Qd4+ 26. Qxd4 Nxd4 27. Rg2
Rf3 28. Re3 Rdf8 29. Rxf3 Rxf3 30. Bc2 e5 31. Bd1 Rd3 32. f4 d6 33. fxe5 dxe5
34. Bc2 Rf3 35. Bd1 Rf1 36. Bc2 g6 37. Be4 Kg7 38. Bd3 Rf3 39. Bc2 Nxc2 40.
Kxc2 Kf6 41. d3 Kf5 42. g4+ Kf4 43. Re2 Kxg4 44. Rxe5 Rf2+ 45. Kb1 Kxh4 46. Re6
g5 47. Rh6+ Kg3 48. Rxh7 g4 49. a5 bxa5 50. Rh5 Kf4 0-1

[Event "Torneo Corus C"]
[Site "Wijk aan Zee NED"]
[Date "2008.01.17"]
[Round "5"]
[White "Grivas, Efstratios"]
[Black "Caruana, Fabiano"]
[Result "1/2-1/2"]
[WhiteElo "2509"]
[BlackElo "2598"]
[PlyCount "72"]
[EventDate "2008.01.12"]

1. d4 d5 2. c4 c6 3. Nf3 Nf6 4. Qc2 dxc4 5. Qxc4 Bg4 6. Nbd2 Nbd7 7. g3 e6 8.
Bg2 Be7 9. Ne5 Bh5 10. Nxd7 Nxd7 11. O-O O-O 12. Nb3 a5 13. a4 e5 14. Rd1 Qc7
15. Bd2 Rfd8 16. Be1 exd4 17. Nxd4 Bf6 18. Bc3 Ne5 19. Qb3 Nd7 20. Rd2 Qb6 21.
Qa2 Nc5 22. Rad1 Bg6 23. Qc4 Re8 24. Nc2 Bxc3 25. bxc3 Bxc2 26. Rxc2 Rad8 27.
Rcd2 Rxd2 28. Rxd2 Qb1+ 29. Bf1 Qf5 30. Bg2 Qe5 31. Bd5 Ne6 32. Bxe6 Rxe6 33.
Rd8+ Re8 34. Rd7 Re7 35. Rd8+ Re8 36. Rd7 Re7 1/2-1/2

[Event "XVII Weekend A"]
[Site "Palestrina ITA"]
[Date "2008.12.08"]
[Round "6"]
[White "Caprio, Guido"]
[Black "Ferretti, Folco"]
[WhiteElo "2198"]
[BlackElo "2318"]
[Result "1/2-1/2"]
[PlyCount "87"]
[EventDate "2008.12.06"]

1. e4 d6 2. d4 Nf6 3. Nc3 e5 4. Nf3 Nbd7 5. g4 Nxg4 6. Rg1 Ngf6 7. Bc4 exd4 8.
Qxd4 Nb6 9. e5 Nxc4 10. exf6 Qxf6 11. Qxc4 Qxf3 12. Nd5 Be6 13. Nxc7+ Kd7 14.
Nxe6 fxe6 15. Bf4 Rc8 16. Qb5+ Qc6 17. Qd3 Qxc2 18. Rxg7+ Kd8 19. Bg5+ Ke8 20.
Qb5+ Rc6 21. Rxb7 Qe4+ 22. Be3 Rg8 23. Rc7 Rg1+ 24. Ke2 Qc4+ 25. Qxc4 Rxc4 26.
Rxc4 Rxa1 27. Rc8+ Kf7 28. Rc7+ Kg6 29. Rxa7 e5 30. a4 d5 31. Bd2 Ra2 32. Bc1
Ra1 33. Bd2 Ra2 34. Ra5 Rxb2 35. Rxd5 Ra2 36. Rxe5 Rxa4 37. f4 Ra3 38. Rg5+ Kf6
39. Rh5 Kg6 40. Rb5 Rh3 41. Rg5+ Kf6 42. Rg2 Bh6 43. Rf2 Kf5 44. Be3 1/2-1/2

[Event "XL C.to Italiano a squadre A1.1"]
[Site "ITA"]
[Date "2008.03.08"]
[Round "2"]
[White "Marin, Mihail"]
[Black "Berzinsh, Roland"]
[WhiteElo "2551"]
[BlackElo "2417"]
[Result "0-1"]
[PlyCount "98"]
[EventDate "2008.03.07"]

1. c4 Nf6 2. Nf3 e6 3. d4 d5 4. g3 Bb4+ 5. Bd2 Be7 6. Bg2 O-O 7. O-O c6 8. Qc2
b6 9. Rd1 Ba6 10. b3 Nbd7 11. a4 c5 12. Na3 Bb7 13. Qb2 Ne4 14. Be1 Bf6 15. b4
cxd4 16. Nxd4 Qb8 17. Rac1 Rc8 18. cxd5 Rxc1 19. Qxc1 exd5 20. Nab5 a6 21. Nc7
Ra7 22. Nf5 d4 23. Nxd4 Nxf2 24. Nxa6 Rxa6 25. Bxf2 Bxg2 26. Kxg2 Ne5 27. Nc6
Qa8 28. b5 Rxa4 29. Bxb6 h6 30. Bd8 Nxc6 31. Bxf6 Ne5+ 32. Kg1 gxf6 33. Qxh6
Ra1 34. Rxa1 Qxa1+ 35. Kg2 Qa8+ 36. Kh3 Qc8+ 37. Kg2 Qb7+ 38. Kh3 Qd7+ 39. Kg2
Qxb5 40. Qxf6 Qxe2+ 41. Qf2 Qxf2+ 42. Kxf2 Kg7 43. h3 Kg6 44. Ke2 Kf5 45. Ke3
f6 46. Ke2 Ke4 47. Kf2 f5 48. Kg2 Ng4 49. h4 Nf6 0-1

[Event "XL C.to Italiano a squadre A1.1"]
[Site "ITA"]
[Date "2008.03.08"]
[Round "3"]
[White "Salvador, Roland"]
[Black "Berzinsh, Roland"]
[WhiteElo "2462"]
[BlackElo "2417"]
[Result "0-1"]
[PlyCount "72"]
[EventDate "2008.03.07"]

1. d4 Nf6 2. Nf3 e6 3. c4 b6 4. g3 Ba6 5. Qc2 Bb7 6. Bg2 c5 7. d5 exd5 8. cxd5
Bxd5 9. Nc3 Bc6 10. O-O Be7 11. Rd1 O-O 12. e4 Na6 13. e5 Ne8 14. a3 Rc8 15.
Bf4 Nb8 16. h4 h6 17. Rd2 Nc7 18. Rad1 Ne6 19. Be3 Qe8 20. Nd5 Nc7 21. Nh2 Nxd5
22. Bxd5 Bxd5 23. Rxd5 f6 24. Qa4 Nc6 25. exf6 Bxf6 26. Ng4 Nd4 27. Bxd4 cxd4
28. Qb3 Kh8 29. f3 Qf7 30. Rd3 Qe6 31. Nf2 Be5 32. Rxe5 Qxe5 33. Kg2 Qe2 34.
Qb4 Rfe8 35. Qxd4 Rc2 36. f4 Re4 0-1

[Event "XL C.to Italiano a squadre A1.1-A1.2 spareggio"]
[Site "ITA"]
[Date "2008.04.24"]
[Round "6"]
[White "Lostuzzi, Manlio"]
[Black "Berzinsh, Roland"]
[WhiteElo "2406"]
[BlackElo "2421"]
[Result "0-1"]
[PlyCount "58"]
[EventDate "2008.04.24"]

1. e4 c5 2. Nf3 b6 3. d4 cxd4 4. Nxd4 Bb7 5. Nc3 a6 6. g3 e6 7. Bg2 d6 8. O-O
Nd7 9. f4 Qc7 10. f5 e5 11. Nb3 Ngf6 12. g4 h6 13. h4 b5 14. g5 hxg5 15. hxg5
b4 16. gxf6 bxc3 17. fxg7 Bxg7 18. bxc3 Nf6 19. Re1 Rh4 20. Qd3 Rg4 21. Nd2 d5
22. exd5 Nxd5 23. Ne4 O-O-O 24. Qh3 Nf6 25. Ng3 Rh8 26. Bxb7+ Qxb7 27. Qg2 Rxg3
28. Qxg3 Qh1+ 29. Kf2 Rh2+ 0-1

[Event "Giochiamo con il Campione"]
[Site "Bologna ITA"]
[Date "2008.09.27"]
[Round "2"]
[White "Frigieri, Fabrizio"]
[Black "Vallejo Pons, Francisco"]
[WhiteElo "2106"]
[BlackElo "2650"]
[Result "0-1"]
[PlyCount "76"]
[EventDate "2008.09.26"]

1. e4 c5 2. Nf3 e6 3. b3 a6 4. Bb2 Nc6 5. c4 d6 6. d4 cxd4 7. Nxd4 Bd7 8. Be2
Nf6 9. Nc3 Be7 10. O-O O-O 11. Qd2 Kh8 12. Kh1 Qa5 13. Rad1 Rfd8 14. Nc2 Rab8
15. a3 Qc7 16. Ne3 Ne5 17. Rc1 Rbc8 18. f4 Ng6 19. g4 Bc6 20. Bd3 Qb6 21. f5
Ne5 22. g5 Nh5 23. f6 gxf6 24. Be2 f5 25. Bxh5 Bxg5 26. c5 Qxb3 27. Ba1 dxc5
28. Ncd5 f6 29. Bd1 Qxe3 30. Qxe3 Bxe3 31. Nxe3 Bxe4+ 32. Kg1 Rg8+ 33. Kf2 Nd3+
34. Ke2 Nxc1+ 35. Kd2 Nd3 36. Bxf6+ Rg7 37. Bb3 Rf8 38. Bxg7+ Kxg7 0-1

[Event "XXXVI Gold Cup"]
[Site "Merano - Meran ITA"]
[Date "2008.04.04"]
[Round "1"]
[White "Doehner, Hans-Juergen"]
[Black "Klein, Reinhard"]
[Result "0-1"]
[WhiteElo "2188"]
[BlackElo "1903"]
[PlyCount "106"]
[EventDate "2008.04.04"]

1. e4 d6 2. d4 Nf6 3. Nc3 g6 4. f4 Bg7 5. Nf3 c5 6. dxc5 Qa5 7. Bd3 Qxc5 8. Qe2
Nh5 9. Na4 Qc7 10. Bd2 Bd7 11. Nc3 Bxc3 12. bxc3 O-O 13. O-O Nc6 14. Rab1 Rad8
15. f5 Ne5 16. Nxe5 dxe5 17. c4 Bc6 18. Bh6 Nf4 19. Bxf4 exf4 20. Qg4 Qa5 21.
Qxf4 e5 22. Qg3 Kh8 23. f6 Qd2 24. Rbd1 Qh6 25. Qxe5 Qe3+ 26. Kh1 Rfe8 27. Qc7
Rd7 28. Qa5 b6 29. Qe1 Qxe1 30. Rdxe1 Re5 31. Rf3 h5 32. h4 Kg8 33. Kg1 Rd6 34.
Rf4 Rde6 35. Kf2 Ra5 36. Ra1 Ra3 37. Ke3 Re5 38. Kd4 Rea5 39. Re1 Kf8 40. g4
hxg4 41. Rxg4 Bd7 42. Rf4 Be6 43. Rb1 Rh5 44. Rb5 Rxa2 45. Rxh5 gxh5 46. e5 Ra4
47. Kc3 a5 48. Rd4 Ke8 49. Rd6 Rb4 50. Rd4 Rb1 51. Be2 a4 52. Rd1 Rxd1 53. Bxd1
Bg4 0-1

[Event "XXXVI Gold Cup"]
[Site "Merano - Meran ITA"]
[Date "2008.04.04"]
[Round "1"]
[White "Marek, Herbert"]
[Black "Wempe, Juergen"]
[Result "0-1"]
[WhiteElo "1927"]
[BlackElo "2183"]
[PlyCount "54"]
[EventDate "2008.04.04"]

1. d4 f5 2. Qd3 e6 3. g4 d5 4. gxf5 exf5 5. Nf3 Nf6 6. Rg1 g6 7. Bg5 Bg7 8. h4
c6 9. Qe3+ Kf8 10. Bh6 Ng4 11. Bxg7+ Kxg7 12. Qf4 Re8 13. Nbd2 Nd7 14. h5 Nf8
15. Ne5 Ne6 16. Qg3 Nxd4 17. O-O-O Nxe5 18. e3 Nb5 19. f4 Ng4 20. e4 fxe4 21.
Be2 gxh5 22. Qh3 Nd4 23. Bxg4 Bxg4 24. Rg2 Ne2+ 25. Kb1 Nxf4 26. Rxg4+ hxg4 27.
Qxg4+ Ng6 0-1

[Event "XXXVI Gold Cup"]
[Site "Merano - Meran ITA"]
[Date "2008.04.04"]
[Round "1"]
[White "Poffers, Adriaan"]
[Black "Causevic, Ismet"]
[Result "1-0"]
[WhiteElo "2251"]
[BlackElo "1957"]
[PlyCount "67"]
[EventDate "2008.04.04"]

1. Nf3 Nf6 2. g3 g6 3. Bg2 Bg7 4. O-O O-O 5. c4 c5 6. Nc3 Nc6 7. a3 a6 8. Rb1
d5 9. cxd5 Nxd5 10. Qb3 Nxc3 11. bxc3 b5 12. d4 Bf5 13. Rb2 cxd4 14. Nxd4 Nxd4
15. cxd4 Ra7 16. Rd2 Qa5 17. e4 Bd7 18. Rd3 e6 19. Bd2 Qb6 20. Bb4 Bxd4 21.
Bxf8 Kxf8 22. e5 Bxe5 23. Qb4+ Ke8 24. Rfd1 Bf6 25. Qf4 Be7 26. Qh6 Bf6 27.
Qxh7 Bd8 28. Qg8+ Ke7 29. Rf3 Be8 30. Qg7 Bc7 31. Qf6+ Kf8 32. Qxg6 Be5 33. Qg5
f6 34. Qxe5 1-0

[Event "XXXVI Gold Cup"]
[Site "Merano - Meran ITA"]
[Date "2008.04.05"]
[Round "2"]
[White "Freundorfer, Josef"]
[Black "Meyer, Thorsten"]
[Result "1/2-1/2"]
[WhiteElo "2168"]
[BlackElo "2031"]
[PlyCount "45"]
[EventDate "2008.04.04"]

1. e4 d6 2. d4 g6 3. Nc3 Bg7 4. Be3 Nf6 5. h3 O-O 6. Nf3 c6 7. Be2 Qc7 8. a4
Nbd7 9. O-O e5 10. Qd2 Re8 11. dxe5 dxe5 12. Rfd1 Nh5 13. Ng5 Nhf6 14. Bc4 Rf8
15. Bb3 h6 16. Nf3 Kh7 17. Nh4 Nh5 18. Qd6 Qxd6 19. Rxd6 Bf6 20. Nf3 Be7 21.
Rd2 Kg7 22. Rad1 Nhf6 23. g4 1/2-1/2

[Event "XXXVI Gold Cup"]
[Site "Merano - Meran ITA"]
[Date "2008.04.05"]
[Round "2"]
[White "Jaeger, Erich"]
[Black "Welz, Peter"]
[Result "0-1"]
[WhiteElo "2038"]
[BlackElo "2147"]
[PlyCount "64"]
[EventDate "2008.04.04"]

1. b3 e5 2. Bb2 Nc6 3. c4 d6 4. g3 f5 5. Bg2 Nf6 6. e3 g6 7. d4 e4 8. Ne2 Bg7
9. f4 exf3 10. Bxf3 O-O 11. Nbc3 Bd7 12. Qd2 a6 13. O-O-O b5 14. Nf4 bxc4 15.
Bxc6 Bxc6 16. Ne6 Qe7 17. d5 Bb5 18. Nxg7 Qxg7 19. bxc4 Bd7 20. Ne2 Rab8 21.
Nf4 Rb6 22. Qd4 Rfb8 23. Ne6 Bxe6 24. Qxf6 Rxb2 25. Qxg7+ Kxg7 26. dxe6 Kf6 27.
e4 fxe4 28. Rde1 Rxa2 29. e7 Kxe7 30. Rxe4+ Kd7 31. Rhe1 Ra1+ 32. Kd2 Rb2+ 0-1

[Event "XXXVI Gold Cup"]
[Site "Merano - Meran ITA"]
[Date "2008.04.05"]
[Round "2"]
[White "Pohle, Dirk"]
[Black "Huhn, Ulrich"]
[Result "1-0"]
[WhiteElo "2188"]
[BlackElo "1971"]
[PlyCount "97"]
[EventDate "2008.04.04"]

1. e4 d5 2. Nc3 c6 3. d4 e6 4. e5 c5 5. f4 cxd4 6. Nb5 Nc6 7. Nf3 Bc5 8. Nbxd4
Nxd4 9. Nxd4 Qb6 10. c3 Bxd4 11. Qxd4 Qxd4 12. cxd4 Bd7 13. Bd2 Rc8 14. Bd3 Ne7
15. O-O O-O 16. Bb4 Rfe8 17. Bxe7 Rxe7 18. Rfc1 Ree8 19. Kf2 h6 20. Ke3 Kf8 21.
Rc5 b6 22. Rcc1 Ke7 23. Ba6 Rxc1 24. Rxc1 Kd8 25. Rc3 Re7 26. Kd2 h5 27. Rh3 g6
28. Rc3 Re8 29. Kc2 Ba4+ 30. b3 Bd7 31. Kb2 Rf8 32. h4 f6 33. exf6 Rxf6 34. g3
Rf7 35. Ka3 Rg7 36. Kb4 Rf7 37. a4 Rg7 38. a5 bxa5+ 39. Kxa5 Rf7 40. Bb7 Ke7
41. Ka6 Kd6 42. Kxa7 Bb5 43. Kb6 Be2 44. Rc6+ Ke7 45. Rc7+ Kf6 46. Rxf7+ Kxf7
47. Ba6 Bd1 48. b4 Ke7 49. Kc7 1-0

[Event "XXXVI Gold Cup"]
[Site "Merano - Meran ITA"]
[Date "2008.04.05"]
[Round "2"]
[White "Watson, Ron"]
[Black "Poffers, Adriaan"]
[Result "0-1"]
[WhiteElo "2107"]
[BlackElo "2251"]
[PlyCount "48"]
[EventDate "2008.04.04"]

1. d4 d5 2. Nc3 Nc6 3. Bf4 Bg4 4. f3 Bh5 5. e3 e6 6. Bd3 Bd6 7. Nge2 Nge7 8.
O-O Bg6 9. a3 O-O 10. Qd2 Bxd3 11. Qxd3 e5 12. dxe5 Nxe5 13. Qb5 c6 14. Qxb7
Nc4 15. b3 Bxf4 16. Nxf4 Nxe3 17. Rf2 Qd6 18. Nd3 Rfb8 19. Qa6 Qf6 20. Re1 Qxc3
21. Rxe3 Nf5 22. Ree2 Nd4 23. Re7 Nxc2 24. Rxa7 Qa1+ 0-1

[Event "XXXVI Gold Cup"]
[Site "Merano - Meran ITA"]
[Date "2008.04.05"]
[Round "2"]
[White "Wempe, Juergen"]
[Black "Opitz, Christian"]
[Result "1-0"]
[WhiteElo "2183"]
[BlackElo "2065"]
[PlyCount "43"]
[EventDate "2008.04.04"]

1. e4 e5 2. Bc4 Nc6 3. f4 Bc5 4. Nf3 d6 5. c3 Nf6 6. d4 exd4 7. cxd4 Bb4+ 8.
Nc3 O-O 9. e5 dxe5 10. fxe5 Ne4 11. Qd3 Bf5 12. Qe3 Bg6 13. O-O Nxc3 14. bxc3
Ba5 15. Ba3 Ne7 16. Nh4 Re8 17. Nxg6 Nxg6 18. Bxf7+ Kh8 19. Bxg6 hxg6 20. Qh3+
Kg8 21. Rf3 Qc8 22. e6 1-0

[Event "XXXVI Gold Cup"]
[Site "Merano - Meran ITA"]
[Date "2008.04.06"]
[Round "3"]
[White "Doehner, Hans-Juergen"]
[Black "Egger, Herbert"]
[Result "1-0"]
[WhiteElo "2188"]
[BlackElo "1853"]
[PlyCount "59"]
[EventDate "2008.04.04"]

1. e4 e5 2. Nf3 Nc6 3. d4 exd4 4. Nxd4 Nxd4 5. Qxd4 c5 6. Qd3 Be7 7. Nc3 Nf6 8.
e5 Ng4 9. Bf4 O-O 10. h3 Nh6 11. Bxh6 gxh6 12. O-O-O Kh8 13. Nd5 Rg8 14. g4 b6
15. f4 Bb7 16. Qf5 Bxd5 17. Rxd5 d6 18. Bg2 Rb8 19. Be4 Rg7 20. Rhd1 Qf8 21.
exd6 Bh4 22. Qh5 Bf6 23. Qxh6 Bd4 24. c3 Be3+ 25. Kb1 Rd8 26. Rh5 Qg8 27. Qf6
Qf8 28. Rxh7+ Kg8 29. Rxg7+ Qxg7 30. Qxd8+ 1-0

[Event "XXXVI Gold Cup"]
[Site "Merano - Meran ITA"]
[Date "2008.04.06"]
[Round "3"]
[White "Meyer, Thorsten"]
[Black "Watson, Ron"]
[Result "0-1"]
[WhiteElo "2031"]
[BlackElo "2107"]
[PlyCount "108"]
[EventDate "2008.04.04"]

1. e4 e6 2. d4 d5 3. exd5 exd5 4. Bd3 Nf6 5. Ne2 Bd6 6. Bf4 O-O 7. O-O Bg4 8.
f3 Be6 9. Re1 c5 10. Bxd6 Qxd6 11. dxc5 Qxc5+ 12. Kh1 Qb6 13. Nd4 Qxb2 14. Nxe6
Qxa1 15. Nxf8 Kxf8 16. Qd2 Qd4 17. Nc3 Nc6 18. Nb5 Qc5 19. Qf4 Rd8 20. g4 a6
21. Nc7 Qb4 22. Qxb4+ Nxb4 23. Rb1 Rd7 24. Rxb4 Rxc7 25. Rd4 h6 26. Kg2 Ke7 27.
Kf2 Kd6 28. h4 Kc6 29. Ra4 Re7 30. Ra3 Nd7 31. Rc3+ Kd6 32. Rc8 Ne5 33. Bf5 g6
34. Rd8+ Kc7 35. Rc8+ Kb6 36. Bd3 Nxd3+ 37. cxd3 h5 38. Rh8 hxg4 39. fxg4 Kc5
40. h5 gxh5 41. gxh5 Kd4 42. h6 Re6 43. h7 Rh6 44. Kf3 Kxd3 45. Rb8 Rxh7 46.
Rxb7 d4 47. Ra7 Rh3+ 48. Kg2 Rh6 49. Rxf7 Re6 50. a4 Kd2 51. Rf5 d3 52. Kf2 Kd1
53. Rc5 d2 54. Rc8 Re4 0-1

[Event "XXXVI Gold Cup"]
[Site "Merano - Meran ITA"]
[Date "2008.04.06"]
[Round "3"]
[White "Muscolino, Attilio"]
[Black "Freundorfer, Josef"]
[Result "0-1"]
[WhiteElo "2122"]
[BlackElo "2168"]
[PlyCount "88"]
[EventDate "2008.04.04"]

1. e4 e5 2. Nf3 Nc6 3. d3 Nf6 4. g3 Bc5 5. Bg2 d6 6. h3 O-O 7. O-O Bd7 8. c3
Bb6 9. Nbd2 Be6 10. Ng5 Bd7 11. Nc4 h6 12. Nf3 Be6 13. Nxb6 axb6 14. b3 Qd7 15.
Kh2 d5 16. Qc2 Rfd8 17. Re1 d4 18. Bb2 dxc3 19. Qxc3 Qxd3 20. Nxe5 Qd2 21. Nxc6
bxc6 22. Kg1 Qxc3 23. Bxc3 Rd3 24. Rec1 Ra7 25. Bf1 Rd7 26. Kg2 Nxe4 27. Be1
Ng5 28. f4 Bd5+ 29. Kf2 Ne4+ 30. Kg1 Ra8 31. Be2 f5 32. g4 g6 33. Kh2 Kh7 34.
gxf5 gxf5 35. Bf3 Rg7 36. Bxe4 Bxe4 37. Bg3 Rd7 38. Rf1 Rd3 39. Rf2 Rxb3 40.
Rg1 Rba3 41. Bh4 Rxa2 42. Rxa2 Rxa2+ 43. Kg3 Ra8 44. Rd1 Bd5 0-1

[Event "XXXVI Gold Cup"]
[Site "Merano - Meran ITA"]
[Date "2008.04.06"]
[Round "3"]
[White "Poffers, Adriaan"]
[Black "Pohle, Dirk"]
[Result "0-1"]
[WhiteElo "2251"]
[BlackElo "2188"]
[PlyCount "54"]
[EventDate "2008.04.04"]

1. Nf3 d5 2. g3 Bg4 3. Bg2 Nd7 4. c4 e6 5. b3 Ngf6 6. O-O Bd6 7. Bb2 O-O 8. d3
Re8 9. Nbd2 c5 10. h3 Bxf3 11. Nxf3 Qc7 12. Rc1 d4 13. Nd2 Rad8 14. Ra1 Ne5 15.
Qc2 Ng6 16. Nf3 h5 17. h4 Ng4 18. Bc1 Bxg3 19. fxg3 Qxg3 20. Bg5 f6 21. e3 fxg5
22. hxg5 Nh4 23. exd4 Rf8 24. Qe2 Nxf3+ 25. Rxf3 Rxf3 26. Qxf3 Qh2+ 27. Kf1 Rf8
0-1

[Event "XXXVI Gold Cup"]
[Site "Merano - Meran ITA"]
[Date "2008.04.06"]
[Round "3"]
[White "Welz, Peter"]
[Black "Wempe, Juergen"]
[Result "1/2-1/2"]
[WhiteElo "2147"]
[BlackElo "2183"]
[PlyCount "22"]
[EventDate "2008.04.04"]

1. e4 e6 2. d4 d5 3. e5 c5 4. c3 Qb6 5. Nf3 Bd7 6. Be2 Bb5 7. c4 Bxc4 8. Bxc4
Qb4+ 9. Nbd2 dxc4 10. O-O Nc6 11. a3 Qb5 1/2-1/2